Statistics for The 1975 - I Always Wanna Die (Sometimes)

Click here to take the quiz!

General Stats

  • This quiz has been taken 28 times
  • The average score is 176 of 189

Answer Stats

Answer% Correct
a
100%
A
100%
Always
100%
always
100%
And
100%
and
100%
but
100%
But
100%
die
100%
I
100%
it
100%
It
100%
lose
100%
me
100%
no
100%
Sometimes
100%
sometimes
100%
the
100%
There's
100%
wanna
100%
when
100%
win
100%
you
100%
You
100%
Your
100%
your
100%
as
93%
bet
93%
blues
93%
can
93%
can't
93%
If
93%
in
93%
not
93%
on
93%
On
93%
point
93%
refuse
93%
sing
93%
to
93%
you're
93%
again
87%
are
87%
change
87%
family
87%
for
87%
friends
87%
geography
87%
happen
87%
happens
87%
life
87%
memories
87%
pretend
87%
sat
87%
shoes
87%
thought
87%
train
87%
try
87%
won't
87%
would
87%
buying
80%
concrete
80%
death
80%
just
80%
meant
80%
never
80%
Oh
80%
really
80%
said
80%
same
80%
say
80%
sceneries
80%
survive
80%
them
80%
video
80%
am
73%
Because
73%
face
73%
hardly
73%
high
73%
it's
73%
Living
73%
nothing
73%
room
73%
speak
73%
things
73%
through
73%
build
67%
collapsed
67%
entropy
67%
goodbye
67%
I'll
67%
small
67%
squeak
67%

Score Distribution

Percentile by Number Answered

Percent of People with Each Score

Your Score History

You have not taken this quiz